| Tag |
First Indicator |
Second Indicator |
Subfields |
| LEADER |
00000ngm a2200000Mi 4500 |
| 001 |
in00005547821 |
| 006 |
m o c |
| 007 |
cr |n||||||||a |
| 007 |
vz |za|z| |
| 008 |
210917s2000 xx 051 e o vneng d |
| 005 |
20241201230341.3 |
| 035 |
|
|
|a (OCoLC)on1316048856
|
| 040 |
|
|
|a Q2U
|b eng
|e rda
|c Q2U
|
| 019 |
|
|
|a 1339523152
|
| 035 |
|
|
|a (OCoLC)1316048856
|z (OCoLC)1339523152
|
| 049 |
|
|
|a TXAM
|
| 245 |
0 |
0 |
|a 2000 - Story through Music.
|
| 264 |
|
1 |
|a Trinidad and Tobago :
|b Banyan Archive,
|c 2000.
|
| 300 |
|
|
|a 1 online resource (51 minutes).
|
| 306 |
|
|
|a 005017
|
| 336 |
|
|
|a two-dimensional moving image
|b tdi
|2 rdacontent
|
| 337 |
|
|
|a computer
|b c
|2 rdamedia
|
| 337 |
|
|
|a video
|b v
|2 rdamedia
|
| 338 |
|
|
|a online resource
|b cr
|2 rdacarrier
|
| 347 |
|
|
|a video file
|2 rda
|
| 490 |
0 |
|
|a GIMISTORY ;
|v 2000
|
| 520 |
|
|
|a This video is about the Story through Music night on the Grand Caymans' International Storytelling Festival of 2000.
|
| 500 |
|
|
|a Title from resource description page (viewed September 17, 2021).
|
| 546 |
|
|
|a In English.
|
| 650 |
|
4 |
|a Cultural anthropology.
|
| 650 |
|
4 |
|a Storytelling.
|
| 650 |
|
4 |
|a Fairs and festivals.
|
| 651 |
|
4 |
|a Cayman Islands.
|
| 655 |
|
4 |
|a Performance.
|
| 856 |
4 |
0 |
|u http://proxy.library.tamu.edu/login?url=https://www.aspresolver.com/aspresolver.asp?MARC;3281544
|z Connect to this streaming video (Alexander Street Press)
|t 0
|
| 955 |
|
|
|a Alexander Street Press subscription streaming video
|
| 994 |
|
|
|a 92
|b TXA
|
| 999 |
f |
f |
|s 88a54f09-9732-4a72-9145-1f42542d00ff
|i 45c043a3-5951-40df-a434-725fdd517d97
|t 0
|
| 952 |
f |
f |
|a Texas A&M University
|b College Station
|c Electronic Resources
|d Available Online
|t 0
|h Library of Congress classification
|
| 998 |
f |
f |
|t 0
|l Available Online
|